=LDR 00000nam 2200000 4500 =001 INLIS000000000027924 =005 20130612130250 =008 ***********************************Ind** =035 ##$$0010-061300000027924 =041 ##$$a Ind =082 ##$$a F Rom D =090 ##$$a F Rom D, Muh h =100 ##$$a Muhammad, Fery =245 ##$$a Happy life by the faith = hidup bahagia dengan iman, Fery Muhammad ; penyunting, Ananda Crew =260 ##$$a 2006 $b Yogyakarta =300 ##$$a xvi, 208 hlm, 21 cm =650 ##$$a Fiksi Roman Dewasa =850 ##$$a NBPNMAT